00530nam a2200169Ia 4500008004100000020001800041041000800059082001800067100002300085245003000108250000600138260004400144300001200188650000900200999001900209952013200228210716s2014 xx 000 0 und d a9789351071617 aeng a621.3192 GOLJ aGolbeck, Jennifer. aAnalyzing the social web. a1 aNew DelhibElsevier India Pvt Ltdc2014 axxv,264 aNone c194650d194650 001040708MCAaAIMITbAIMITeKnowledge Worldg795.00l0o621.3192 GOLJpMCA14158r2025-07-21 00:00:00v596.25w2021-07-16yBK